<?xml version="1.0" encoding="UTF-8"?>
<record
    xmlns:xsi="http://www.w3.org/2001/XMLSchema-instance"
    xsi:schemaLocation="http://www.loc.gov/MARC21/slim http://www.loc.gov/standards/marcxml/schema/MARC21slim.xsd"
    xmlns="http://www.loc.gov/MARC21/slim">

  <leader>00549pam a2200121a 44500</leader>
  <controlfield tag="008">230405s1988    xxu||||| |||| 00| 0 eng d</controlfield>
  <datafield tag="041" ind1=" " ind2=" ">
    <subfield code="a">MAR</subfield>
  </datafield>
  <datafield tag="100" ind1=" " ind2=" ">
    <subfield code="a">&#x936;&#x94D;&#x930;&#x940; &#x91B;&#x924;&#x94D;&#x930;&#x92A;&#x924;&#x940; &#x936;&#x93F;&#x935;&#x93E;&#x91C;&#x940; &#x92E;&#x939;&#x93E;&#x930;&#x93E;&#x91C; &#x938;&#x94D;&#x92E;&#x93E;&#x930;&#x915; &#x938;&#x92E;&#x93F;&#x924;&#x940; &#x92E;&#x902;&#x941;&#x92C;&#x908;</subfield>
  </datafield>
  <datafield tag="245" ind1=" " ind2=" ">
    <subfield code="a">&#x936;&#x93E;&#x939;&#x93F;&#x930;&#x93E;&#x902;&#x91A;&#x947; &#x91B;&#x924;&#x94D;&#x930;&#x92A;&#x924;&#x940; &#x936;&#x93F;&#x935;&#x93E;&#x91C;&#x940; &#x92E;&#x939;&#x93E;&#x930;&#x93E;&#x91C;</subfield>
  </datafield>
  <datafield tag="260" ind1=" " ind2=" ">
    <subfield code="a"></subfield>
    <subfield code="b">&#x936;&#x94D;&#x930;&#x940; &#x91B;&#x924;&#x94D;&#x930;&#x92A;&#x924;&#x940; &#x936;&#x93F;&#x935;&#x93E;&#x91C;&#x940; &#x92E;&#x939;&#x93E;&#x930;&#x93E;&#x91C; &#x938;&#x94D;&#x92E;&#x93E;&#x930;&#x915; &#x938;&#x92E;&#x93F;&#x924;&#x940;</subfield>
    <subfield code="c">1988</subfield>
  </datafield>
  <datafield tag="300" ind1=" " ind2=" ">
    <subfield code="a">335p.</subfield>
  </datafield>
  <datafield tag="906" ind1=" " ind2=" ">
    <subfield code="a">8840</subfield>
  </datafield>
  <datafield tag="999" ind1=" " ind2=" ">
    <subfield code="c">299339</subfield>
    <subfield code="d">299339</subfield>
  </datafield>
  <datafield tag="952" ind1=" " ind2=" ">
    <subfield code="0">0</subfield>
    <subfield code="1">0</subfield>
    <subfield code="4">0</subfield>
    <subfield code="7">0</subfield>
    <subfield code="8">C</subfield>
    <subfield code="a">KVK</subfield>
    <subfield code="b">KVK</subfield>
    <subfield code="c">R-20</subfield>
    <subfield code="d">2011-10-06</subfield>
    <subfield code="e">&#x92E;&#x92F;&#x941;&#x930;&#x947;&#x936; &#x92C;&#x942;&#x915; &#x939;&#x93E;&#x909;&#x938;</subfield>
    <subfield code="g">60.00</subfield>
    <subfield code="l">0</subfield>
    <subfield code="p">KVK-XITH00233</subfield>
    <subfield code="r">2023-04-18 00:00:00</subfield>
    <subfield code="w">2023-04-18</subfield>
    <subfield code="y">BK</subfield>
  </datafield>
</record>
